| 000 | nam a22 a 4500 | ||
|---|---|---|---|
| 999 |
_c160 _d160 |
||
| 005 | 20170421104157.0 | ||
| 008 | 170421t1967 le ||||| |||| 00| 0 eng d | ||
| 040 | _aAKMAL | ||
| 082 | _a492.7321 BAA | ||
| 090 |
_a492.7321 _bBAA |
||
| 100 | 1 |
_aBa'albaki, Munīr. _9392 |
|
| 245 | 1 | 3 | _aal-Mawrid : A modern English-Arabic dictionary. |
| 250 | _a[A revised and enlarged 2nd ed.] | ||
| 260 |
_aBeirut _bDar el-ilm lil-malayen _c2000 |
||
| 300 |
_a1090 p. ; _c24cm |
||
| 650 |
_aDictionaries and Lexicography _9393 |
||
| 650 |
_aArabic language _vDictionaries _xEnglish _9394 |
||
| 650 |
_aEnglish language _vDictionaries _xArabic _9395 |
||
| 942 |
_2ddc _cBOOK |
||
| 950 | _lAKMAL | ||